[Event "Prague Golden 65+ op 17th"]
[Site "Prague"]
[Date "2022.07.16"]
[Round "8"]
[White "Gruber, Milos"]
[Black "Tichonov, Jiri"]
[Result "0-1"]
[WhiteElo "1938"]
[BlackElo "2028"]
[PlyCount "100"]
[EventDate "2022.07.09"]
[EventType "swiss"]
[EventRounds "9"]
[EventCountry "CZE"]
[SourceTitle "CBM 209 Extra"]
[Source "ChessBase"]
[SourceDate "2022.09.30"]
[SourceVersion "1"]
[SourceVersionDate "2022.09.30"]
[SourceQuality "1"]

1. e4 c5 2. f4 d5 3. exd5 Nf6 4. Nf3 Nxd5 5. d4 cxd4 6. Bb5+ Bd7 7. Bxd7+ Nxd7 8. Qxd4 e6 9. a3 Qb6 10. c4 Qxd4 11. Nxd4 Rc8 12. b3 a6 13. Ke2 N5f6 14. Bb2 Bc5 15. Nd2 0-0 16. N2f3 Rfe8 17. Ne5 Nxe5 18. fxe5 Ng4 19. Nf3 Ne3 20. g3 b5 21. cxb5 axb5 22. Rac1 Nd5 23. Nd4 Bxd4 24. Bxd4 Ra8 25. Bc5 f6 26. exf6 gxf6 27. Rhd1 Rec8 28. Kf3 Kf7 29. Bd6 Rd8 30. Rc6 Rd7 31. Bb4 Raa7 32. Bc5 Rac7 33. Rxc7 Rxc7 34. b4 Rc8 35. g4 Ra8 36. Rd3 Kg6 37. h4 h6 38. h5+ Kg5 39. Be3+ Nxe3 40. Rxe3 e5 41. Rc3 Rd8 42. Rc5 Rd3+ 43. Ke4 Rxa3 44. Rxb5 Rg3 45. Rb8 Rxg4+ 46. Kf3 Rc4 47. b5 Rb4 48. b6 f5 49. b7 Rb3+ 50. Kf2 Kf4 0-1

[Event "Myrhorod op"]
[Site "Myrhorod"]
[Date "2011.07.14"]
[Round "9"]
[White "Tichonov, Jiri"]
[Black "Yushinov, Nikolay"]
[Result "1-0"]
[WhiteElo "2129"]
[BlackElo "2162"]
[PlyCount "83"]
[EventDate "2011.07.09"]
[EventType "swiss"]
[EventRounds "9"]
[EventCountry "UKR"]
[SourceTitle "CBM 143 Extra"]
[Source "ChessBase"]
[SourceDate "2011.08.29"]
[SourceVersion "1"]
[SourceVersionDate "2011.08.29"]
[SourceQuality "1"]

1. e4 c5 2. Nf3 Nc6 3. d4 cxd4 4. Nxd4 e5 5. Nb5 a6 6. Nd6+ Bxd6 7. Qxd6 Qe7 8. Qd1 Nf6 9. Nc3 0-0 10. Bg5 Qe6 11. Bxf6 Qxf6 12. Nd5 Qd8 13. Bd3 d6 14. 0-0 Be6 15. Ne3 Ne7 16. c4 f5 17. exf5 Bxf5 18. Bxf5 Nxf5 19. Nxf5 Rxf5 20. Qd5+ Kf8 21. Qxb7 Rb8 22. Qe4 g6 23. b3 Rf4 24. Qc6 Rb6 25. Qd5 Rd4 26. Qf3+ Rf4 27. Qe3 Ke7 28. Rad1 Rc6 29. Rd5 h5 30. Rxe5+ dxe5 31. Qxe5+ Re6 32. Qxf4 Qa5 33. a4 Qc3 34. Qg3 Qd2 35. h4 Qc2 36. Qf3 a5 37. Rd1 Re4 38. Rd3 Qc1+ 39. Rd1 Qc2 40. g3 Ke6 41. Kg2 g5 42. Rd8 1-0

[Event "Myrhorod op"]
[Site "Myrhorod"]
[Date "2011.07.11"]
[Round "5"]
[White "Tichonov, Jiri"]
[Black "Kononenko, Dmitry1111"]
[Result "1-0"]
[WhiteElo "2129"]
[BlackElo "2278"]
[PlyCount "167"]
[EventDate "2011.07.09"]
[EventType "swiss"]
[EventRounds "9"]
[EventCountry "UKR"]
[SourceTitle "CBM 143 Extra"]
[Source "ChessBase"]
[SourceDate "2011.08.29"]
[SourceVersion "1"]
[SourceVersionDate "2011.08.29"]
[SourceQuality "1"]

1. e4 c6 2. d4 d5 3. exd5 cxd5 4. c4 Nf6 5. Nc3 e6 6. Nf3 Bb4 7. cxd5 Nxd5 8. Bd2 0-0 9. Bd3 Be7 10. Rc1 b6 11. Nxd5 exd5 12. Qc2 g6 13. 0-0 Ba6 14. Bxa6 Nxa6 15. Ne5 Bf6 16. Bf4 Re8 17. Qa4 Nc5 18. dxc5 Bxe5 19. Bxe5 Rxe5 20. c6 Qc7 21. Qd4 Rc8 22. b4 a6 23. a4 Rce8 24. f3 b5 25. axb5 axb5 26. Rc5 R8e6 27. Rfc1 Rh5 28. g3 Qe7 29. R5c2 Qc7 30. Ra1 Rhe5 31. Ra8+ Re8 32. Rxe8+ Rxe8 33. Qxd5 h5 34. Kg2 Re5 35. Qd7 Re7 36. Qd3 Qb8 37. Rc5 Rc7 38. Qd5 Qe8 39. Rc2 Qb8 40. h4 Kh7 41. Rc5 Qe8 42. Qe4 Re7 43. Qd3 Re2+ 44. Kh3 Qe6+ 45. g4 hxg4+ 46. Kg3 gxf3 47. Kxf3 Re5 48. Rxe5 Qxe5 49. Qd7 Qc3+ 50. Ke4 Qxb4+ 51. Kd5 Qc4+ 52. Kd6 b4 53. c7 b3 54. c8Q Qf4+ 55. Kc6 b2 56. Qcb7 Qc4+ 57. Kd6 Qd3+ 58. Kc7 Qc3+ 59. Kb8 Qe5+ 60. Kc8 Qc5+ 61. Kd8 Qf8+ 62. Kc7 Qc5+ 63. Qdc6 Qe7+ 64. Kc8 Qf8+ 65. Kd7 Qa3 66. Qcb5 Qh3+ 67. Kc7 Qg3+ 68. Kc8 Qc3+ 69. Qc7 Qf6 70. Qc2 Qe6+ 71. Kb7 Qe7+ 72. Kc6 Qe8+ 73. Kc5 Qc8+ 74. Qc6 Qb8 75. Q6e4 Qa7+ 76. Kb4 f5 77. Qed3 Qb7+ 78. Ka3 Qe7+ 79. Kxb2 Qxh4 80. Qc7+ Kh6 81. Qe3+ g5 82. Qc6+ Kh5 83. Qcf3+ Qg4 84. Qe8+ 1-0

[Event "Myrhorod op"]
[Site "Myrhorod"]
[Date "2011.07.09"]
[Round "2"]
[White "Golubka, Petr"]
[Black "Tichonov, Jiri"]
[Result "1/2-1/2"]
[WhiteElo "2409"]
[BlackElo "2129"]
[PlyCount "82"]
[EventDate "2011.07.09"]
[EventType "swiss"]
[EventRounds "9"]
[EventCountry "UKR"]
[SourceTitle "CBM 143 Extra"]
[Source "ChessBase"]
[SourceDate "2011.08.29"]
[SourceVersion "1"]
[SourceVersionDate "2011.08.29"]
[SourceQuality "1"]

1. d4 Nf6 2. c4 e6 3. Nf3 b6 4. a3 Bb7 5. Nc3 d5 6. Bg5 Be7 7. Qa4+ Nfd7 8. Bxe7 Qxe7 9. cxd5 exd5 10. Nb5 Bc6 11. Qb3 Bxb5 12. Qxb5 c6 13. Qb3 0-0 14. e3 Qd6 15. Rd1 a5 16. Bd3 a4 17. Qc2 g6 18. e4 dxe4 19. Bxe4 Re8 20. 0-0 Nf6 21. Bd3 Nbd7 22. Bc4 b5 23. Ba2 Nd5 24. Rc1 Rac8 25. Rfe1 Rxe1+ 26. Rxe1 N7f6 27. Rc1 Kg7 28. g3 Rc7 29. Qd3 b4 30. Bc4 Rb7 31. Ne5 bxa3 32. Qxa3 Qxa3 33. bxa3 Rb6 34. Bxd5 Nxd5 35. Rxc6 Rxc6 36. Nxc6 Nc3 37. Kf1 Nb5 38. d5 Kf8 39. d6 Ke8 40. d7+ Kxd7 41. Ne5+ Ke6 1/2-1/2

[Event "UKR-chT 17th"]
[Site "Alushta"]
[Date "2010.05.16"]
[Round "6.6"]
[White "Olifir, Maxim"]
[Black "Tichonov, Jiri"]
[Result "0-1"]
[WhiteElo "1898"]
[BlackElo "2140"]
[PlyCount "100"]
[EventDate "2010.05.13"]
[EventType "team-tourn"]
[EventRounds "11"]
[EventCountry "UKR"]
[SourceTitle "EXT 2019"]
[Source "ChessBase"]
[SourceDate "2018.10.10"]
[SourceVersion "1"]
[SourceVersionDate "2018.10.10"]
[SourceQuality "1"]
[WhiteTeam "Krim KRDY"]
[BlackTeam "Pavlograd Tura"]
[WhiteTeamCountry "UKR"]
[BlackTeamCountry "UKR"]

1. d4 e6 2. e4 d5 3. e5 c5 4. c3 Nc6 5. Nf3 Qb6 6. Be2 Bd7 7. 0-0 a5 8. Na3 Nh6 9. Nc2 Be7 10. Ne3 cxd4 11. cxd4 Nf5 12. Nxf5 exf5 13. Rb1 h6 14. h4 g5 15. hxg5 hxg5 16. Nxg5 Nxd4 17. Be3 Nxe2+ 18. Qxe2 d4 19. Bf4 Bb5 20. Qc2 Bxf1 21. Rxf1 Qg6 22. Nf3 Qh5 23. Bh2 Rd8 24. Rd1 Kf8 25. Qc4 Kg7 26. Qc7 Rhe8 27. e6 f6 28. Bf4 Kf8 29. Qxa5 Qg4 30. Qd2 Kg7 31. Bh6+ Kg6 32. Bf4 Rd5 33. Bg3 d3 34. Qc3 f4 35. Bh2 Red8 36. Qc7 Qxe6 37. Qxf4 Bd6 38. Qh4 Bxh2+ 39. Qxh2 Qg4 40. Qc7 R8d7 41. Qb6 Rg5 42. Nxg5 Qxd1+ 43. Kh2 Qh5+ 44. Nh3 Qe5+ 45. f4 Qc7 46. Qb3 d2 47. Qd1 f5 48. g4 Qc1 49. gxf5+ Kf6 50. Qg4 d1Q 0-1

[Event "UKR-chT 15th"]
[Site "Alushta"]
[Date "2008.05.27"]
[Round "8.3"]
[White "Tichonov, Jiri"]
[Black "Razin, Vadim"]
[Result "1/2-1/2"]
[WhiteElo "2156"]
[BlackElo "2270"]
[PlyCount "94"]
[EventDate "2008.05.21"]
[EventType "team-tourn"]
[EventRounds "9"]
[EventCountry "UKR"]
[SourceTitle "EXT 2019"]
[Source "ChessBase"]
[SourceDate "2018.10.10"]
[SourceVersion "1"]
[SourceVersionDate "2018.10.10"]
[SourceQuality "1"]
[WhiteTeam "Simferopol Crimea"]
[BlackTeam "Khmelnytskyi Podolia"]
[WhiteTeamCountry "UKR"]
[BlackTeamCountry "UKR"]

1. e4 e6 2. d4 d5 3. Nc3 Bb4 4. e5 Qd7 5. Qg4 f5 6. Qg3 b6 7. a3 Bxc3+ 8. Qxc3 Ba6 9. Bxa6 Nxa6 10. Nf3 Ne7 11. 0-0 Nb8 12. b4 h6 13. a4 Nbc6 14. a5 0-0 15. Bd2 Kh8 16. Qd3 Nd8 17. axb6 cxb6 18. Ra6 Nf7 19. Rfa1 g5 20. Qa3 Nc8 21. Ne1 Rg8 22. Qa4 Qe7 23. Nd3 Rb8 24. b5 Rb7 25. Nb4 Nd8 26. Rc1 Rc7 27. c4 dxc4 28. d5 Qd7 29. d6 Rc5 30. Be3 Nb7 31. Bxc5 Nxc5 32. Qa2 Qxb5 33. Qxc4 Qxc4 34. Rxc4 Nxa6 35. Nxa6 b5 36. Rc7 Nb6 37. Nc5 Nc4 38. Nxe6 Nxe5 39. d7 Nf7 40. Rc8 b4 41. Kf1 b3 42. Rc3 Rg6 43. Rc8+ Rg8 44. Rc3 Rg6 45. Rc8+ Rg8 46. Rc3 Rg6 47. Rc8+ Rg8 1/2-1/2

[Event "UKR-ch sf"]
[Site "Alushta"]
[Date "2008.05.19"]
[Round "9"]
[White "Tichonov, Jiri"]
[Black "Klementev, Oleg"]
[Result "0-1"]
[WhiteElo "2156"]
[BlackElo "2255"]
[PlyCount "82"]
[EventDate "2008.05.10"]
[EventType "swiss"]
[EventRounds "9"]
[EventCountry "UKR"]
[SourceTitle "CBM 124 Extra"]
[Source "ChessBase"]
[SourceDate "2008.07.03"]
[SourceVersion "1"]
[SourceVersionDate "2008.07.03"]
[SourceQuality "1"]

1. e4 c6 2. d4 d5 3. e5 Bf5 4. Nf3 e6 5. Be2 c5 6. 0-0 Nc6 7. Nbd2 a6 8. dxc5 Bxc5 9. Nb3 Bb6 10. Nbd4 Nxd4 11. Nxd4 Bg6 12. c3 Rc8 13. Qa4+ Qd7 14. Qxd7+ Kxd7 15. Be3 Ne7 16. f4 h5 17. Rad1 h4 18. h3 Bh5 19. Bxh5 Rxh5 20. Rd3 Bxd4 21. Bxd4 Rhh8 22. a4 Nf5 23. Bb6 Rc4 24. a5 Ng3 25. Rf2 Rxf4 26. Rxf4 Ne2+ 27. Kf2 Nxf4 28. Rf3 g5 29. Be3 Nd3+ 30. Ke2 Nxe5 31. Bd4 Kd6 32. Bxe5+ Kxe5 33. Rxf7 Rb8 34. b4 b6 35. axb6 Rxb6 36. Kd3 a5 37. bxa5 Ra6 38. Rf2 Rxa5 39. Re2+ Kd6 40. g3 Ra1 41. gxh4 gxh4 0-1

[Event "UKR-ch sf"]
[Site "Alushta"]
[Date "2008.05.18"]
[Round "8"]
[White "Shevtsov, Nikoliy"]
[Black "Tichonov, Jiri"]
[Result "1-0"]
[WhiteElo "2339"]
[BlackElo "2156"]
[PlyCount "57"]
[EventDate "2008.05.10"]
[EventType "swiss"]
[EventRounds "9"]
[EventCountry "UKR"]
[SourceTitle "CBM 124 Extra"]
[Source "ChessBase"]
[SourceDate "2008.07.03"]
[SourceVersion "1"]
[SourceVersionDate "2008.07.03"]
[SourceQuality "1"]

1. e4 e5 2. Bc4 Nf6 3. d3 Nc6 4. Nf3 Bc5 5. c3 a6 6. Bb3 d6 7. h3 h6 8. 0-0 0-0 9. Re1 Ba7 10. Nbd2 Be6 11. Bc2 Ne7 12. Nf1 Ng6 13. Ng3 Qc8 14. d4 Re8 15. Be3 Bd7 16. Qd2 Kh7 17. Rad1 Bc6 18. c4 exd4 19. Bxd4 Bxd4 20. Nxd4 Bd7 21. f4 Kg8 22. Ndf5 Bc6 23. e5 dxe5 24. fxe5 Nxe5 25. Nxh6+ gxh6 26. Qxh6 Ned7 27. Nf5 Rxe1+ 28. Rxe1 Qf8 29. Ne7+ 1-0

[Event "UKR-ch sf"]
[Site "Alushta"]
[Date "2008.05.13"]
[Round "3"]
[White "Tichonov, Jiri"]
[Black "Garnazhenko, Dmitry"]
[Result "1-0"]
[WhiteElo "2156"]
[BlackElo "1874"]
[PlyCount "71"]
[EventDate "2008.05.10"]
[EventType "swiss"]
[EventRounds "9"]
[EventCountry "UKR"]
[SourceTitle "CBM 124 Extra"]
[Source "ChessBase"]
[SourceDate "2008.07.03"]
[SourceVersion "1"]
[SourceVersionDate "2008.07.03"]
[SourceQuality "1"]

1. e4 c5 2. Nf3 Nc6 3. d4 cxd4 4. Nxd4 g6 5. c4 Bg7 6. Be3 Nf6 7. Nc3 Ng4 8. Qxg4 Nxd4 9. Qd1 Ne6 10. Qd2 Qa5 11. Rc1 g5 12. Be2 Qe5 13. g3 d6 14. f4 gxf4 15. gxf4 Qf6 16. 0-0 Bd7 17. f5 Nc7 18. b3 Qh4 19. Rf4 Qh3 20. Kh1 Be5 21. Rf2 Rg8 22. Bd4 Bg3 23. Rg1 0-0-0 24. Rfg2 Be5 25. Bg4 Qh4 26. Bxe5 dxe5 27. Qe3 h5 28. Bf3 Rxg2 29. Bxg2 e6 30. Qxa7 Rg8 31. fxe6 fxe6 32. Qe3 Bc6 33. b4 Qe7 34. b5 Be8 35. Na4 Qb4 36. Qa7 1-0

[Event "UKR-ch sf"]
[Site "Alushta"]
[Date "2008.05.11"]
[Round "1"]
[White "Tichonov, Jiri"]
[Black "Polivanov, Anatoliy"]
[Result "0-1"]
[WhiteElo "2156"]
[BlackElo "2363"]
[PlyCount "44"]
[EventDate "2008.05.10"]
[EventType "swiss"]
[EventRounds "9"]
[EventCountry "UKR"]
[SourceTitle "CBM 124 Extra"]
[Source "ChessBase"]
[SourceDate "2008.07.03"]
[SourceVersion "1"]
[SourceVersionDate "2008.07.03"]
[SourceQuality "1"]

1. e4 e6 2. d4 d5 3. e5 c5 4. c3 Nc6 5. Nf3 Bd7 6. Bd3 cxd4 7. cxd4 Qb6 8. 0-0 Nxd4 9. Nxd4 Qxd4 10. Nc3 a6 11. Qe2 Ne7 12. Rd1 Nc6 13. Be3 Qxe5 14. f4 Qf6 15. Nxd5 exd5 16. Bb6+ Be7 17. Qh5 Nb4 18. Bf2 Nxd3 19. Rxd3 Qg6 20. Qe2 Bb5 21. Re1 0-0 22. Qxe7 Rae8 0-1

[Event "UKR-chT 13th"]
[Site "Alushta"]
[Date "2006.04.22"]
[Round "8.1"]
[White "Baryshpolets, Andrey"]
[Black "Tichonov, Jiri"]
[Result "1-0"]
[WhiteElo "2230"]
[BlackElo "2180"]
[PlyCount "95"]
[EventDate "2006.04.15"]
[EventType "team-tourn"]
[EventRounds "9"]
[EventCountry "UKR"]
[SourceTitle "EXT 2019"]
[Source "ChessBase"]
[SourceDate "2018.10.10"]
[SourceVersion "1"]
[SourceVersionDate "2018.10.10"]
[SourceQuality "1"]
[WhiteTeam "Kiev Avangard"]
[BlackTeam "Pavlograd Tura"]
[WhiteTeamCountry "UKR"]
[BlackTeamCountry "UKR"]

1. Nf3 Nf6 2. c4 e6 3. g3 d5 4. Bg2 dxc4 5. Qa4+ Bd7 6. Qxc4 Bc6 7. 0-0 Nbd7 8. Qc2 Be7 9. Nc3 0-0 10. d4 b5 11. a3 a6 12. e4 Bb7 13. e5 Nd5 14. Ne4 h6 15. Nc5 Nxc5 16. dxc5 Bc6 17. Bd2 a5 18. b3 Ra6 19. Nd4 Be8 20. Rad1 c6 21. f4 a4 22. b4 Bd7 23. Bc1 f5 24. exf6 Bxf6 25. Rfe1 Re8 26. Nf3 Qe7 27. Bb2 Qf7 28. Be5 Ra7 29. Rd2 Qh5 30. Nd4 Bxe5 31. Rxe5 Qf7 32. Rde2 Raa8 33. Bh3 Nc7 34. Qe4 Nd5 35. Re1 Kh8 36. Nxe6 Nf6 37. Qf3 Bxe6 38. Bxe6 Qc7 39. Ba2 Rad8 40. Bb1 Qd7 41. Kg2 Qd2+ 42. R1e2 Qc1 43. Rxe8+ Nxe8 44. Be4 Nf6 45. Bxc6 Rd2 46. Bxb5 Qc2 47. Rxd2 Qxd2+ 48. Kh3 1-0

[Event "Spiltan & Pelaro op"]
[Site "Sweden"]
[Date "2003.06.17"]
[Round "7"]
[White "Tichonov, Jiri"]
[Black "Sakalauskas, Vaidas"]
[Result "1/2-1/2"]
[WhiteElo "2391"]
[BlackElo "2466"]
[PlyCount "83"]
[EventDate "2003.06.12"]
[EventType "swiss"]
[EventRounds "7"]
[EventCountry "SWE"]
[SourceTitle "EXT 2005"]
[Source "ChessBase"]
[SourceDate "2004.11.15"]
[SourceVersion "1"]
[SourceVersionDate "2004.11.15"]
[SourceQuality "1"]

1. c4 Nf6 2. Nf3 g6 3. g3 Bg7 4. Bg2 0-0 5. 0-0 d5 6. cxd5 Nxd5 7. Nc3 Nc6 8. Qb3 Nb6 9. d3 Bg4 10. Be3 e5 11. Ne4 Be6 12. Qd1 Nd4 13. Qd2 Bd5 14. Rfc1 Re8 15. Nxd4 exd4 16. Bf4 c6 17. a4 Qe7 18. a5 Nc8 19. Ra4 f5 20. Nc5 Bxg2 21. Kxg2 b6 22. Nb3 c5 23. axb6 axb6 24. Rxa8 Qb7+ 25. Kg1 Qxa8 26. Ra1 Qb7 27. Nc1 Ne7 28. b4 Nd5 29. bxc5 bxc5 30. Qa2 Kh8 31. Qa6 Qxa6 32. Rxa6 Nxf4 33. gxf4 Bf8 34. Rb6 Ra8 35. Kg2 Rc8 36. Rb5 c4 37. dxc4 Rxc4 38. Nd3 Kg8 39. Rb7 Bg7 40. Rb6 Kf7 41. Rb7+ Kg8 42. Rb8+ 1/2-1/2

[Event "Spiltan & Pelaro op"]
[Site "Sweden"]
[Date "2003.06.16"]
[Round "6"]
[White "Holmsten, Aleksei"]
[Black "Tichonov, Jiri"]
[Result "0-1"]
[WhiteElo "2404"]
[BlackElo "2205"]
[PlyCount "78"]
[EventDate "2003.06.12"]
[EventType "swiss"]
[EventRounds "7"]
[EventCountry "SWE"]
[SourceTitle "EXT 2005"]
[Source "ChessBase"]
[SourceDate "2004.11.15"]
[SourceVersion "1"]
[SourceVersionDate "2004.11.15"]
[SourceQuality "1"]

1. e4 c5 2. Nf3 d6 3. d4 cxd4 4. Nxd4 Nf6 5. Nc3 a6 6. f4 Qc7 7. a4 e5 8. Nf3 Be7 9. Bd3 Nbd7 10. 0-0 b6 11. Qe1 Bb7 12. fxe5 dxe5 13. Qg3 0-0 14. Nh4 Nh5 15. Qg4 Ndf6 16. Qe2 g6 17. g3 Ng7 18. Bg5 Nfe8 19. Bxe7 Qxe7 20. Bc4 Nc7 21. Rad1 Rad8 22. Rxd8 Qxd8 23. Rd1 Qe7 24. Nd5 Bxd5 25. Bxd5 Nge6 26. Nf3 Nc5 27. b3 Kg7 28. Qc4 Rd8 29. Rf1 f6 30. Rd1 Nxe4 31. Qxe4 Qc5+ 32. Kg2 Rxd5 33. Rxd5 Qxd5 34. Qb4 Qc5 35. Qd2 Qc6 36. Qd8 Qxc2+ 37. Kf1 Qc6 38. Qe7+ Kg8 39. Qd8+ Kf7 0-1

[Event "Jirasek Memorial op-A"]
[Site "Rakovnik"]
[Date "2001.08.06"]
[Round "2"]
[White "Bartos, Jan"]
[Black "Tichonov, Jiri"]
[Result "1/2-1/2"]
[WhiteElo "2229"]
[BlackElo "2139"]
[PlyCount "41"]
[EventDate "2001.08.??"]
[EventType "swiss"]
[EventRounds "9"]
[EventCountry "CZE"]
[SourceTitle "EXT 2002"]
[Source "ChessBase"]
[SourceDate "2001.11.25"]
[SourceVersion "1"]
[SourceVersionDate "2001.11.25"]
[SourceQuality "1"]

1. d4 Nf6 2. c4 e6 3. Nc3 d5 4. cxd5 exd5 5. Bg5 c6 6. Qc2 Na6 7. e3 Nb4 8. Qb1 Be7 9. a3 Na6 10. Bd3 Nc7 11. h3 Ne6 12. Bh4 g6 13. Nf3 Nh5 14. Bxe7 Qxe7 15. 0-0 0-0 16. Ne5 f5 17. f4 Ng3 18. Rf3 Ne4 19. Qe1 Ng7 20. Ne2 Be6 21. Qb4 1/2-1/2